[Event "Washington State-chD"]
[Site "Kirkland"]
[Date "2020.02.15"]
[Round "6"]
[White "Patton, Lorenzo"]
[Black "Li, Edward1111"]
[Result "0-1"]
[WhiteElo "1492"]
[BlackElo "1266"]
[PlyCount "54"]
[EventDate "2020.02.08"]
[EventType "tourn"]
[EventRounds "7"]
[EventCountry "USA"]
[SourceTitle "EXT 2023"]
[Source "ChessBase"]
[SourceDate "2022.10.05"]
[SourceVersion "1"]
[SourceVersionDate "2022.10.05"]
[SourceQuality "1"]

1. d4 d5 2. c4 e6 3. Nc3 Nf6 4. cxd5 Nxd5 5. e4 Nxc3 6. bxc3 c5 7. Nf3 Nc6 8. a3 cxd4 9. cxd4 Qc7 10. Be2 Bd6 11. 0-0 0-0 12. Bb2 Bf4 13. d5 Rd8 14. g3 Bh6 15. Bc1 exd5 16. exd5 Bxc1 17. Rxc1 Qa5 18. Qb3 Qxd5 19. Bc4 Qf5 20. Rfd1 Be6 21. Rxd8+ Rxd8 22. Bxe6 fxe6 23. Nh4 Qf7 24. Nf3 Rf8 25. Kg2 h6 26. Qe3 Qf6 27. Rc4 Qxf3+ 0-1

[Event "Washington State-chD"]
[Site "Kirkland"]
[Date "2020.02.09"]
[Round "4"]
[White "Patton, Lorenzo"]
[Black "Bian, Erin"]
[Result "0-1"]
[WhiteElo "1492"]
[BlackElo "1405"]
[PlyCount "60"]
[EventDate "2020.02.08"]
[EventType "tourn"]
[EventRounds "7"]
[EventCountry "USA"]
[SourceTitle "EXT 2023"]
[Source "ChessBase"]
[SourceDate "2022.10.05"]
[SourceVersion "1"]
[SourceVersionDate "2022.10.05"]
[SourceQuality "1"]

1. d4 Nf6 2. c4 e6 3. Nc3 Bb4 4. e3 0-0 5. Nf3 d5 6. Bd3 dxc4 7. Bxc4 c5 8. 0-0 cxd4 9. exd4 b6 10. Bd3 Bb7 11. Bg5 Bxc3 12. bxc3 h6 13. Bf4 Nbd7 14. Rc1 Rc8 15. Re1 Re8 16. Bg3 Nb8 17. Bb1 Ba6 18. Qc2 Nbd7 19. Ne5 Nf8 20. Re3 Bb7 21. f4 Nd5 22. Re2 Nxc3 23. Rd2 Ne2+ 24. Rxe2 Rxc2 25. Rexc2 Qxd4+ 26. Kh1 Bd5 27. Rc7 f6 28. Ng4 b5 29. Nf2 Bc4 30. Re1 Qb6 0-1